[Event "Staufer op 34th"]
[Site "Schwaebisch Gmuend"]
[Date "2024.01.05"]
[Round "7"]
[White "Stillger, Bernhard"]
[Black "Huesmann, Thomas"]
[Result "0-1"]
[WhiteElo "2284"]
[BlackElo "2136"]
[PlyCount "98"]
[EventDate "2024.01.02"]
[EventType "swiss"]
[EventRounds "9"]
[EventCountry "GER"]
[SourceTitle "CB02_2024"]
[SourceDate "2024.01.10"]
[SourceVersion "1"]
[SourceVersionDate "2024.01.10"]
[SourceQuality "1"]

1. d4 f5 2. Nc3 Nf6 3. Bg5 d5 4. e3 e6 5. Nf3 Be7 6. Bd3 0-0 7. 0-0 Ne4 8. Bxe7 Qxe7 9. Ne2 c6 10. c4 Nd7 11. Qc2 g5 12. Ne5 Nxe5 13. dxe5 Nc5 14. f4 g4 15. Rab1 b6 16. cxd5 cxd5 17. b4 Nxd3 18. Qxd3 Bd7 19. Rfc1 a6 20. Rc7 Rfc8 21. Qc3 Qd8 22. Rc1 Qe8 23. Qe1 Qd8 24. Rxc8 Rxc8 25. Nd4 Rc4 26. a3 Kf7 27. Ra1 Ba4 28. h3 h5 29. hxg4 hxg4 30. Qg3 Qh8 31. Qh2 Qxh2+ 32. Kxh2 Rc3 33. Re1 Bd7 34. Kg3 Rxa3 35. Kh4 Rc3 36. Ra1 Rxe3 37. Rxa6 Re4 38. Nc2 Rc4 39. Ne3 Rxb4 40. Ra7 Ke7 41. Kg5 Rb2 42. g3 b5 43. Rb7 d4 44. Nc4 bxc4 45. Rxb2 c3 46. Rc2 Ba4 47. Rc1 c2 48. Rh1 d3 49. Rh7+ Kd8 0-1

[Event "Staufer op 34th"]
[Site "Schwaebisch Gmuend"]
[Date "2024.01.02"]
[Round "1"]
[White "Heinemann, Josefine"]
[Black "Huesmann, Thomas"]
[Result "1/2-1/2"]
[WhiteElo "2361"]
[BlackElo "2136"]
[PlyCount "164"]
[EventDate "2024.01.02"]
[EventType "swiss"]
[EventRounds "9"]
[EventCountry "GER"]
[SourceTitle "CB02_2024"]
[SourceDate "2024.01.10"]
[SourceVersion "1"]
[SourceVersionDate "2024.01.10"]
[SourceQuality "1"]

1. e4 e5 2. Nf3 Nc6 3. Bb5 a6 4. Ba4 Nf6 5. 0-0 Nxe4 6. d4 Be7 7. Re1 b5 8. Rxe4 d5 9. Nxe5 Nxe5 10. Rxe5 bxa4 11. Qe2 Be6 12. Nc3 0-0 13. Nxa4 Bf6 14. Rxe6 fxe6 15. Qxe6+ Kh8 16. Be3 Qe8 17. Qxe8 Rfxe8 18. Rd1 h6 19. Kf1 Re6 20. g3 Rc6 21. Rd2 Rb8 22. b3 Be7 23. Nc5 Rd8 24. h4 Bxc5 25. dxc5 Re6 26. c4 Rf8 27. Bf4 dxc4 28. Bxc7 cxb3 29. axb3 Rf3 30. Bd6 Rxb3 31. Ra2 Kh7 32. Rxa6 Rb2 33. Ra7 Rc2 34. Rc7 Ree2 35. Rf7 Re6 36. h5 Rd2 37. Bf8 Kg8 38. Rf5 Rd1+ 39. Kg2 Rd7 40. Bd6 Rexd6 41. cxd6 Rxd6 42. Kf3 Rd4 43. Rf4 Rd5 44. Kg4 Ra5 45. Rb4 Rc5 46. Rb6 Rg5+ 47. Kh4 Rf5 48. f4 Ra5 49. g4 Ra4 50. Kg3 Ra3+ 51. Kf2 Kf7 52. Rd6 Rb3 53. Rd5 Ra3 54. Re5 Rb3 55. Re3 Rb4 56. Kf3 Ra4 57. Rd3 Ke6 58. Ke3 Rb4 59. Ra3 Kf6 60. Ra6+ Kf7 61. Rd6 Ke7 62. Rd4 Rb3+ 63. Ke4 Ke6 64. Ra4 Rb5 65. Ra6+ Kf7 66. Rd6 Ke7 67. Rd5 Rb6 68. Ra5 Kf6 69. g5+ hxg5 70. fxg5+ Ke6 71. Re5+ Kf7 72. Kf5 Rb1 73. g6+ Kf8 74. Rc5 Rf1+ 75. Ke6 Re1+ 76. Kd7 Rd1+ 77. Kc7 Ke7 78. Rf5 Rc1+ 79. Kb6 Ke6 80. Rc5 Rxc5 81. Kxc5 Kf6 82. h6 gxh6 1/2-1/2

[Event "Krefeld op"]
[Site "Krefeld"]
[Date "2022.08.08"]
[Round "9"]
[White "Huesmann, Thomas"]
[Black "Scholtes, Benedikt"]
[Result "1/2-1/2"]
[WhiteElo "2193"]
[BlackElo "2058"]
[PlyCount "35"]
[EventDate "2022.08.04"]
[EventType "swiss"]
[EventRounds "9"]
[EventCountry "GER"]
[SourceTitle "CBM 209 Extra"]
[Source "ChessBase"]
[SourceDate "2022.09.30"]
[SourceVersion "1"]
[SourceVersionDate "2022.09.30"]
[SourceQuality "1"]

1. e4 d6 2. d4 Nf6 3. Nc3 Nbd7 4. f4 e5 5. dxe5 dxe5 6. fxe5 Nxe5 7. Qxd8+ Kxd8 8. Nf3 Bd6 9. Bg5 c6 10. 0-0-0 Kc7 11. Bxf6 gxf6 12. Nd4 a6 13. Be2 Ng4 14. Rdf1 Be5 15. Bxg4 Bxg4 16. Nf3 Be6 17. Nxe5 fxe5 18. Rf3 1/2-1/2

[Event "Bundesliga 2122"]
[Site "Germany"]
[Date "2022.07.09"]
[Round "13.5"]
[White "Huesmann, Thomas"]
[Black "Agrest, Inna"]
[Result "0-1"]
[WhiteElo "2114"]
[BlackElo "2245"]
[PlyCount "122"]
[EventDate "2022.03.05"]
[EventType "team-tourn"]
[EventRounds "15"]
[EventCountry "GER"]
[SourceTitle "CBM 209 Extra"]
[Source "ChessBase"]
[SourceDate "2022.09.30"]
[SourceVersion "1"]
[SourceVersionDate "2022.09.30"]
[SourceQuality "1"]
[WhiteTeam "Aachen"]
[BlackTeam "Duesseldorf"]
[WhiteTeamCountry "GER"]
[BlackTeamCountry "GER"]

1. e4 e5 2. Nf3 Nc6 3. Bc4 Nf6 4. d3 h6 5. a4 d6 6. c3 g5 7. Qb3 Qd7 8. a5 Bg7 9. Nbd2 0-0 10. Nf1 Ne7 11. Qc2 d5 12. Bb3 Ng6 13. h3 c6 14. Ng3 Qc7 15. Be3 Be6 16. c4 dxe4 17. dxe4 Rfd8 18. 0-0 Nf4 19. Nf5 Bxf5 20. exf5 e4 21. Nd2 Qe5 22. c5 Qxf5 23. f3 Ne2+ 24. Kf2 Nd4 25. Bxd4 Rxd4 26. Kg1 Qf4 27. Nxe4 Nd5 28. Rae1 Ne3 29. Rxe3 Qxe3+ 30. Kh1 Qf4 31. Nd6 Rxd6 32. cxd6 Rd8 33. Qe4 Qxd6 34. Bc2 Qf6 35. b4 Rd4 36. Qe8+ Bf8 37. b5 c5 38. Re1 c4 39. Qc8 Rd8 40. Qxc4 Bd6 41. Qe4 Bg3 42. Rb1 b6 43. axb6 axb6 44. Qf5 Qxf5 45. Bxf5 Kg7 46. Kg1 Kf6 47. Be4 Ke5 48. Kf1 Rd2 49. Rc1 f5 50. Bc2 h5 51. Bb3 Rf2+ 52. Kg1 Rb2 53. Bc4 Kf4 54. Bf1 Bf2+ 55. Kh2 Bd4 56. Bd3 Be5 57. Re1 Rd2 58. Bf1 g4 59. fxg4 hxg4 60. hxg4 fxg4 61. Be2 Ke3+ 0-1

[Event "Pfalz op 10th"]
[Site "Neustadt an der Weinstrasse"]
[Date "2019.03.03"]
[Round "5"]
[White "Krause, Benedict"]
[Black "Huesmann, Thomas"]
[Result "1-0"]
[WhiteElo "2447"]
[BlackElo "2129"]
[PlyCount "79"]
[EventDate "2019.03.01"]
[EventType "swiss"]
[EventRounds "9"]
[EventCountry "GER"]
[SourceTitle "CBM 189 Extra"]
[Source "ChessBase"]
[SourceDate "2019.06.03"]
[SourceVersion "1"]
[SourceVersionDate "2019.06.03"]
[SourceQuality "1"]

1. e4 e5 2. Nf3 Nc6 3. Bc4 Nf6 4. d3 Bc5 5. 0-0 d6 6. c3 0-0 7. h3 Be6 8. Bb3 Bxb3 9. Qxb3 Bb6 10. Nbd2 d5 11. Qc2 Qd7 12. b4 dxe4 13. dxe4 Qe6 14. Qb3 Qxb3 15. axb3 Rfe8 16. Re1 Nh5 17. Nc4 f6 18. g4 Nf4 19. Bxf4 exf4 20. b5 Nd8 21. e5 fxe5 22. Rxe5 Nf7 23. Rf5 Nd6 24. Nxd6 cxd6 25. Rxf4 Re2 26. Nd4 Rb2 27. Re1 Rf8 28. Nf5 Rxf2 29. Rxf2 Bxf2+ 30. Kxf2 g6 31. Re7 gxf5 32. g5 Rc8 33. c4 d5 34. Rxb7 dxc4 35. bxc4 Rxc4 36. Rxa7 Rb4 37. Rb7 Rb3 38. b6 Kf8 39. h4 Ke8 40. h5 1-0

[Event "Eupen"]
[Site "Eupen"]
[Date "2018.08.23"]
[Round "6"]
[White "Harff, Marcel"]
[Black "Huesmann, Thomas"]
[Result "1-0"]
[WhiteElo "2406"]
[BlackElo "2149"]
[PlyCount "135"]
[EventDate "2018.08.18"]
[EventType "tourn"]
[EventRounds "9"]
[EventCountry "BEL"]
[EventCategory "4"]
[SourceTitle "CBM 186 Extra"]
[Source "ChessBase"]
[SourceDate "2018.08.24"]
[SourceVersion "1"]
[SourceVersionDate "2018.08.24"]
[SourceQuality "1"]

1. c4 f5 2. g3 Nf6 3. Bg2 g6 4. Nc3 Bg7 5. d3 d6 6. e4 fxe4 7. dxe4 e5 8. Nge2 Nc6 9. h3 Be6 10. Nd5 Qd7 11. Bg5 Bxd5 12. cxd5 Nd8 13. Nc3 0-0 14. 0-0 c5 15. a4 b6 16. Qe2 a6 17. Ra3 Nb7 18. Rb1 a5 19. Rb3 Qc7 20. Qb5 Nd7 21. Qc6 Rac8 22. Bf1 Qxc6 23. dxc6 Rxc6 24. Bb5 Rfc8 25. Nd5 Bf8 26. Rc1 h6 27. Be3 Nd8 28. Rd1 Kg7 29. f4 exf4 30. gxf4 Nf6 31. Bxc6 Rxc6 32. Nxf6 Kxf6 33. Kf2 Nf7 34. h4 h5 35. Ke2 Nh6 36. Bf2 Ng4 37. Be1 Ke6 38. Rf3 Bg7 39. Bc3 Bxc3 40. bxc3 Nf6 41. Re3 c4 42. Rg1 Ng4 43. Rf3 d5 44. f5+ Ke5 45. exd5 Kxd5 46. fxg6 Rxg6 47. Rf5+ Kc6 48. Rxh5 Re6+ 49. Kf3 Ne5+ 50. Ke4 Nd3+ 51. Kd4 Nc5 52. Re5 Nb3+ 53. Ke4 Nd2+ 54. Kf5 Rxe5+ 55. Kxe5 Nf3+ 56. Ke4 Nxg1 57. h5 Ne2 58. h6 Nxc3+ 59. Kf3 Nxa4 60. h7 Kc5 61. h8Q Kb4 62. Ke3 b5 63. Qe5 Nc3 64. Kd2 Na4 65. Kc2 Nc5 66. Qe7 a4 67. Qe1+ Ka3 68. Qa1+ 1-0

[Event "Eupen"]
[Site "Eupen"]
[Date "2018.08.19"]
[Round "2"]
[White "De Strycker, Nathan"]
[Black "Huesmann, Thomas"]
[Result "1/2-1/2"]
[WhiteElo "2251"]
[BlackElo "2149"]
[PlyCount "77"]
[EventDate "2018.08.18"]
[EventType "tourn"]
[EventRounds "9"]
[EventCountry "BEL"]
[EventCategory "4"]
[SourceTitle "CBM 186 Extra"]
[Source "ChessBase"]
[SourceDate "2018.08.24"]
[SourceVersion "1"]
[SourceVersionDate "2018.08.24"]
[SourceQuality "1"]

1. d4 f5 2. g3 Nf6 3. Bg2 g6 4. Nf3 Bg7 5. 0-0 0-0 6. b3 Ne4 7. Bb2 b6 8. c4 Bb7 9. Qc2 e6 10. Ne1 d5 11. Nd3 Nd7 12. f3 Nef6 13. Rc1 Rc8 14. c5 c6 15. Qd2 Re8 16. b4 Ba6 17. Ne5 Nxe5 18. dxe5 Nd7 19. f4 bxc5 20. bxc5 Bf8 21. Bd4 Rb8 22. Na3 Qc7 23. Bf3 Be7 24. Qc3 Nf8 25. e3 Rb7 26. Rab1 Reb8 27. Rxb7 Rxb7 28. Bd1 Rb8 29. Kf2 Bc8 30. Ba4 a5 31. Rb1 Rxb1 32. Nxb1 Nd7 33. Nd2 Bd8 34. Bd1 Ba6 35. Nb3 Bc4 36. Nd2 Bb5 37. a4 Ba6 38. Nb3 Bc4 39. Nd2 1/2-1/2

[Event "Eupen"]
[Site "Eupen"]
[Date "2018.08.18"]
[Round "1"]
[White "Huesmann, Thomas"]
[Black "Nagy, Gabor"]
[Result "0-1"]
[WhiteElo "2149"]
[BlackElo "2468"]
[PlyCount "28"]
[EventDate "2018.08.18"]
[EventType "tourn"]
[EventRounds "9"]
[EventCountry "BEL"]
[EventCategory "4"]
[SourceTitle "CBM 186 Extra"]
[Source "ChessBase"]
[SourceDate "2018.08.24"]
[SourceVersion "1"]
[SourceVersionDate "2018.08.24"]
[SourceQuality "1"]

1. e4 e5 2. Nf3 Nc6 3. Bc4 Nf6 4. d3 h6 5. c3 d6 6. 0-0 g5 7. d4 g4 8. dxe5 gxf3 9. exf6 Ne5 10. Bf4 fxg2 11. Kxg2 Nxc4 12. Qa4+ Qd7 13. Qxc4 Qh3+ 14. Kg1 Qf3 0-1

[Event "Goch op 27th"]
[Site "Goch"]
[Date "2016.09.02"]
[Round "3"]
[White "Degardin, Sylvain"]
[Black "Huesmann, Thomas"]
[Result "1-0"]
[WhiteElo "2114"]
[BlackElo "2260"]
[PlyCount "61"]
[EventDate "2016.09.01"]
[EventType "swiss"]
[EventRounds "7"]
[EventCountry "GER"]
[SourceTitle "EXT 2018"]
[Source "ChessBase"]
[SourceDate "2017.10.13"]
[SourceVersion "1"]
[SourceVersionDate "2017.10.13"]
[SourceQuality "1"]

1. e4 e5 2. Nf3 Nc6 3. Bb5 a6 4. Ba4 Nf6 5. d3 d6 6. c3 Be7 7. 0-0 0-0 8. Re1 Ne8 9. d4 b5 10. Bc2 Bg4 11. d5 Nb8 12. h3 Bh5 13. Nbd2 c6 14. dxc6 Nxc6 15. Nf1 Nc7 16. Ng3 Bg6 17. Be3 d5 18. Bb6 dxe4 19. Bxe4 Bxe4 20. Nxe4 Qb8 21. Bc5 Rd8 22. Qb3 Bxc5 23. Nxc5 Qa7 24. Nxe5 Nxe5 25. Rxe5 Ne8 26. Rae1 Nd6 27. Qd5 Kf8 28. Qf3 Rdc8 29. Ne6+ Kg8 30. Nxg7 Qb7 31. Qf6 1-0

[Event "Mittelrhein Verbandsliga-W 15/16"]
[Site "Nordrheinwestfalen"]
[Date "2015.11.15"]
[Round "4.2"]
[White "Huesmann, Thomas"]
[Black "Schreyer, Oliver"]
[Result "1/2-1/2"]
[WhiteElo "2270"]
[BlackElo "2082"]
[PlyCount "80"]
[EventDate "2015.09.06"]
[EventType "team-tourn"]
[EventRounds "11"]
[EventCountry "GER"]
[SourceTitle "EXT 2022"]
[Source "ChessBase"]
[SourceDate "2021.10.06"]
[SourceVersion "1"]
[SourceVersionDate "2021.10.06"]
[SourceQuality "1"]
[WhiteTeam "Aachen SV II"]
[BlackTeam "Herzogenrath"]
[WhiteTeamCountry "GER"]
[BlackTeamCountry "GER"]

1. e4 Nf6 2. e5 Nd5 3. d4 d6 4. Bc4 Nb6 5. Bb3 g6 6. Nf3 Bg7 7. 0-0 0-0 8. h3 Nc6 9. exd6 cxd6 10. Bg5 Qc7 11. Nc3 a6 12. Re1 Re8 13. Ne4 Na5 14. Qd2 Nxb3 15. axb3 Bf5 16. Ng3 Be6 17. c4 d5 18. c5 Nd7 19. b4 Nf6 20. Bf4 Qc8 21. Be5 Bd7 22. Bf4 Bb5 23. Ne5 Nd7 24. Ng4 Nf6 25. Nxf6+ Bxf6 26. Be5 Qc6 27. Bxf6 Qxf6 28. Ra3 Rad8 29. Rf3 Qh8 30. Nf5 f6 31. Rg3 Kf7 32. Nh6+ Kf8 33. Qf4 Kg7 34. Ng4 Qf8 35. Rge3 Bc6 36. h4 Kh8 37. Rf3 Qg7 38. Rfe3 Qf8 39. Qg3 Qg7 40. Qc7 Rd7 1/2-1/2

[Event "Goch op 26th"]
[Site "Goch"]
[Date "2015.09.05"]
[Round "4"]
[White "Huesmann, Thomas"]
[Black "Feller, Sebastien"]
[Result "1/2-1/2"]
[WhiteElo "2242"]
[BlackElo "2619"]
[PlyCount "170"]
[EventDate "2015.09.03"]
[EventType "swiss"]
[EventRounds "7"]
[EventCountry "GER"]
[SourceTitle "EXT 2018"]
[Source "ChessBase"]
[SourceDate "2017.10.13"]
[SourceVersion "1"]
[SourceVersionDate "2017.10.13"]
[SourceQuality "1"]

1. e4 e5 2. Nf3 Nc6 3. Bc4 g6 4. d4 exd4 5. Bg5 Be7 6. Bxe7 Qxe7 7. 0-0 Nf6 8. e5 Ng4 9. h3 Ngxe5 10. Nxe5 Nxe5 11. Qxd4 0-0 12. Nc3 Nc6 13. Qd2 Qc5 14. Bb3 Nd4 15. Rfe1 d6 16. Nd5 Be6 17. Nf6+ Kg7 18. Ne4 Nxb3 19. axb3 Qd5 20. Qc3+ Qe5 21. Qxe5+ dxe5 22. Nc5 Bf5 23. Nxb7 Bxc2 24. Nc5 Rfe8 25. g4 Rab8 26. Rxa7 Re7 27. Re3 g5 28. Rc3 Bg6 29. Na6 Rd8 30. Raxc7 Rd1+ 31. Kg2 Rxc7 32. Nxc7 Be4+ 33. f3 Rd2+ 34. Kg1 Bg6 35. Re3 f6 36. Rc3 Rxb2 37. Nd5 Bf7 38. Rd3 Bxd5 39. Rxd5 Rxb3 40. Kg2 h5 41. Rd7+ Kg6 42. Rd6 Rb2+ 43. Kg1 Kf7 44. Ra6 Rd2 45. Ra7+ Kg6 46. Ra6 h4 47. Rb6 Kf7 48. Ra6 Ke7 49. Rb6 Rd6 50. Rb7+ Ke6 51. Rb5 Kd7 52. Ra5 Kc6 53. Kg2 Kb6 54. Ra2 Kc5 55. Rc2+ Kd5 56. Rd2+ Ke6 57. Ra2 Kd5 58. Rd2+ Kc5 59. Rc2+ Kb4 60. Rc8 Rd2+ 61. Kg1 Rd4 62. Rc6 Rf4 63. Kg2 Kb5 64. Re6 Kc4 65. Ra6 Kb5 66. Re6 Kc5 67. Ra6 Kd5 68. Rb6 Kd4 69. Ra6 Kc4 70. Rd6 Rd4 71. Rxf6 Rd2+ 72. Kg1 Kd4 73. Rf5 Ke3 74. Rxe5+ Kf4 75. Rf5+ Kg3 76. Kf1 Kxh3 77. Rxg5 Kg3 78. Rh5 h3 79. g5 Rd6 80. Ke2 h2 81. f4 Ra6 82. Ke3 Ra3+ 83. Ke4 Ra5 84. Rxh2 Ra4+ 85. Ke5 Ra5+ 1/2-1/2